Cryptography and networking sercurity

Gorde:
Xehetasun bibliografikoak
Egile nagusia: Atul Kahate
Formatua: Liburua
Hizkuntza:Undetermined
Argitaratua: New Delhi, India Tata McGraw-Hill 2003
Gaiak:
Etiketak: Etiketa erantsi
Etiketarik gabe, Izan zaitez lehena erregistro honi etiketa jartzen!
Thư viện lưu trữ: Trung tâm Học liệu Trường Đại học Cần Thơ
LEADER 00604nam a2200205Ia 4500
001 CTU_57337
008 210402s9999 xx 000 0 und d
020 |b 173000 
082 |a 005.82 
082 |b K12 
100 |a Atul Kahate 
245 0 |a Cryptography and networking sercurity 
245 0 |c Atul Kahate 
260 |a New Delhi, India 
260 |b Tata McGraw-Hill 
260 |c 2003 
650 |a cryptography,data encryption ( computer science ),computer networks 
650 |x security measures,computer programs 
904 |i Minh 
980 |a Trung tâm Học liệu Trường Đại học Cần Thơ